| Tag |
First Indicator |
Second Indicator |
Subfields |
| LEADER |
00000cas a2200000 a 4500 |
| 001 |
in00002002000 |
| 005 |
20151031130705.0 |
| 008 |
030507c20039999caufr1p 0 a0eng c |
| 010 |
|
|
|a 2003213045
|
| 012 |
|
|
|k 1
|l 1
|
| 022 |
0 |
|
|a 1544-6786
|
| 035 |
|
|
|a (OCoLC)ocm52192917
|
| 037 |
|
|
|b Zaytuna Institute, 631 Jackson St., Haywood, CA 94544
|
| 040 |
|
|
|a NSD
|c NSD
|d DLC
|d OCLCQ
|d DLC
|d TXA
|d UtOrBLW
|
| 042 |
|
|
|a nsdp
|a lc
|
| 049 |
|
|
|a TXAM
|
| 050 |
0 |
0 |
|a BP1
|b .S4
|
| 082 |
1 |
0 |
|a 297
|2 13
|
| 130 |
0 |
|
|a Seasons (Hayward, Calif.)
|
| 222 |
|
0 |
|a Seasons
|b (Hayward, Calif.)
|
| 245 |
1 |
0 |
|a Seasons :
|b bi-annual journal of Zaytuna Institute.
|
| 264 |
|
1 |
|a Hayward, CA :
|b Zaytuna Institute,
|c 2003-
|
| 300 |
|
|
|a volumes :
|b illustrations ;
|c 25 cm.
|
| 310 |
|
|
|a Semiannual
|
| 336 |
|
|
|a text
|b txt
|2 rdacontent
|
| 337 |
|
|
|a unmediated
|b n
|2 rdamedia
|
| 338 |
|
|
|a volume
|b nc
|2 rdacarrier
|
| 362 |
0 |
|
|a Vol. 1, no. 1 (spring/summer 2003)-
|
| 500 |
|
|
|a Title from cover.
|
| 515 |
|
|
|a Issues for spring/summer 2003- called also: Vol. 1, issue 1-
|
| 650 |
|
0 |
|a Islam
|v Periodicals.
|
| 650 |
|
0 |
|a Islam
|x Essence, genius, nature
|v Periodicals.
|
| 710 |
2 |
|
|a Zaytuna Institute.
|
| 850 |
|
|
|a DLC
|
| 994 |
|
|
|a E0
|b TXA
|
| 948 |
|
|
|a cataloged
|b h
|c 2004/11/4
|d c
|e mzajicek
|f 8:56:06 am
|
| 999 |
|
|
|a MARS
|
| 999 |
f |
f |
|s 32be8010-1fa7-393b-99b8-e60dc8cf3a17
|i 09f29cf1-02ef-3d49-b6f4-87661cff4cea
|t 0
|
| 952 |
f |
f |
|p ric
|a Texas A&M University
|b Rellis Campus
|c Joint Library Facility
|d Remote Storage
|t 0
|e BP1 .S4
|h Library of Congress classification
|i unmediated -- volume
|k v.4:no.1
|l 2007:Autumn
|m A14837539338
|
| 952 |
f |
f |
|p noncirc
|a Texas A&M University
|b College Station
|c Cushing Memorial Library & Archives
|d Cushing: Area Studies/Africana (Does not check out)
|t 0
|e BP1 .S4
|h Library of Congress classification
|i unmediated -- volume
|
| 952 |
f |
f |
|p ric
|a Texas A&M University
|b Rellis Campus
|c Joint Library Facility
|d Remote Storage
|t 0
|e BP1 .S4
|h Library of Congress classification
|i unmediated -- volume
|k v.5:no.1
|l 2008:Spring
|m A14837539443
|
| 998 |
f |
f |
|a BP1 .S4
|s v.5:no.1 (2008:Spring)
|t 0
|l Remote Storage
|
| 998 |
f |
f |
|a BP1 .S4
|s v.3:no.1 (2006:Spring)-v.3:no.2 (2007:Spring)
|t 0
|l Cushing: Area Studies/Africana (Does not check out)
|